000 01292 a2200169 4500
003 Nust
005 20221123094013.0
040 _cNust
082 _a621.381043,SIN
100 _aSinha Umesh
_9102370
245 _aElectrical Electronics Measurements & Instrumentations /
_cUmesh Sinha
260 _aNew Dehle
_bsumitra handa
_c1997
300 _aviii,889p
505 _aMeasurements and Measurement Systems (Page-1), Characteristics of Instruments and Measurements systems (Page-11), Errors in measurements (Page-27), System of Units of Measurements (Page-47), Standard for Measurements (Page-69), Circuits components (Page-82), Circuits for DC Measurements (Page-110), Circuits for A.C Measurements (Page-144), Galvanometers (Page-182), Analog Measuring Instruments (Page-215), Ammeter Voltmeter and Ohmmeter (Page-321), Magnetic Measurements (Page-270), Illumination (Page-302), High Voltage Measurements (Page-332), Instruments Transformers (Page-355), Electronic Instruments (Page-388), Frequency and Phase Measurements (Page-512), Transducers (Page-557), Instruments Amplifiers (Page-598) Display Devices (Page-691), Recorders (Page-750), Microprocessor Based Measurement (Page-816), Fiber Optic Measurements (Page-844).
650 _aTelecommunication Engineering
942 _2ddc
_cBK
999 _c190574
_d190574